|
|
|
|
| LEADER |
00000nam0a2200000 4500 |
| 001 |
349334 |
| 005 |
20231102010207.0 |
| 035 |
|
|
|a (RuTPU)RU\TPU\retro\1465
|
| 090 |
|
|
|a 349334
|
| 100 |
|
|
|a 20180504d1946 km y0rusy50 ca
|
| 101 |
0 |
|
|a rus
|
| 102 |
|
|
|a RU
|
| 105 |
|
|
|a y z 000zy
|
| 200 |
1 |
|
|a Таблицы для гидравлических расчетов
|f И. И. Агроскин
|
| 210 |
|
|
|a Москва
|a Ленинград
|c Госэнергоиздат
|d 1946
|
| 215 |
|
|
|a 199 с.
|
| 606 |
1 |
|
|a Гидравлические расчеты
|2 stltpush
|3 (RuTPU)RU\TPU\subj\6508
|9 34382
|
| 610 |
1 |
|
|a гидравлика
|
| 610 |
1 |
|
|a безнапорные водоотводящие сети
|
| 610 |
1 |
|
|a каналы
|
| 610 |
1 |
|
|a жидкость
|
| 610 |
1 |
|
|a равномерное движение
|
| 610 |
1 |
|
|a нормальные глубины
|
| 610 |
1 |
|
|a русла
|
| 610 |
1 |
|
|a спад
|
| 610 |
1 |
|
|a подпор
|
| 610 |
1 |
|
|a грунтовые потоки
|
| 610 |
1 |
|
|a расчеты
|
| 610 |
1 |
|
|a таблицы
|
| 675 |
|
|
|a 532
|v 4
|
| 700 |
|
1 |
|a Агроскин
|b И. И.
|g Иосиф Ильич
|
| 801 |
|
1 |
|a RU
|b 63413507
|c 20180504
|
| 801 |
|
2 |
|a RU
|b 63413507
|c 20180504
|g RCR
|
| 942 |
|
|
|c BK
|